| 000 | 03436cam a2200373Ia 4500 | ||
|---|---|---|---|
| 001 | ocm18692619 | ||
| 003 | Co-BoUCM | ||
| 005 | 20140815104032.0 | ||
| 008 | 881031s1577 it fr 000 0 latsd | ||
| 035 | _a(OCoLC)18692619 | ||
| 040 |
_aGZM _bspa _cSandra Yazo _dSandra Yazo |
||
| 041 | 0 | _alat | |
| 082 | 0 | 4 |
_220 _a340.56 |
| 092 | _aE29N051 | ||
| 100 | 0 |
_aBartolo, _cof Sassoferrato, _d1313-1357. _961546 |
|
| 242 | 0 | 0 |
_aComentarios a la Parte Primera del Digesto Antiguo. _bEn los cuales, además de las notas y aclaraciones sobre puntos dudosos de Alejandro de Barbazia, Claudio de Seysell, Pomponio, Nicelli y otros, se añadieron recientemente las fecundas disquisiciones de Casiano del Pozo, Guido Panciroli y Bernardo Trotti. _yspa |
| 245 | 1 | 0 |
_aBartoli a Saxoferrato in Primam [-secunda] Digesti Veteris Partem Commentaria. _bQuibus praeter Alex. Barb. Seifell. Pom. Nicelli et aliorum Adnotationes et contrarietatum conciliationes, accesserunt novissimae excelentissimorum virorum Casiani Putei ... Guidonis Pancirolii et Bernardi Trotti ... fertilissimae lucubrationes ... |
| 260 |
_aAvgvstae Taurinorum [Turin] (Italia) _bApud Haeredes Nicolai Beuilaquae [A expensas de los herederos de Nicolás Bevilaqua] _c1577. |
||
| 300 |
_a198, 160 folios. _c43 x 29 cm. |
||
| 500 | _aDetalles físicos: Encuadernación flexible en pergamino. Guardas en papel impreso. Portada impresa en una sola tinta con un grabado. Texto impreso en dos columnas. Párrafos numerados y marcados con letras. Márgenes amplios. Signaturas. Algunos reclamos. Elogio en versos latinos al autor y su obra. Registro final de cuadernillos. Notorias perforaciones de insectos. | ||
| 500 | _aV.1 ejemplar desencuadernado, sin tapas ni guardas. el folio 9, pegado al revés, folio 23 arrancado. | ||
| 505 | 1 | _aV.1: Vida de Bártolo de Sassoferrato ; La primera Constitución ; La justicia y el derecho ; Las adopciones ; División entre las diferentes cosas ; Los deberes del pretor ; Los deberes del gobernador ; Jurisdicciones ; La jurisdicción de los juicios ; Los están obligados a restituir ; La publicación ; Los pactos y tratados ; La postulación ; Las transacciones ; Los procuradores ; Los que gestionaron negocios ; La restitución in integrum -- V.2: Acerca de los créditos o préstamos: acreedores y deudores ; Acerca de los juramentos necesarios y de los opcionales (voluntarios) ; Los plazos ; El dinero puesto a interés ; El comodato ; La acción de pignoración ; La acción ejecutoria ; Los peculios ; El senadoconsulto Veleyano ; Las compensaciones ; Temas sobre la compra y la venta ; Los contratos de arrendamiento y alquiler ; Las prendas ; Qué cosas pueden ser afectadas por pignoración o por hipoteca ; Cómo terminar las pignoraciones y las hipotecas ; Las evicciones ; La usura ; Las pruebas y las presunciones ; Los testigos | |
| 506 | _aConsulta en sala. | ||
| 546 | _aTexto en latín. | ||
| 600 | 1 | 4 |
_929958 _aJustiniano _cEmperador de Oriente _d482-565 _tDigesto _xCrítica e interpretación |
| 650 | 7 |
_aDerecho civil _929560 _xObras anteriores a 1800 |
|
| 650 | 7 |
_aDerecho romano _2fast _929420 _xObras anteriores a 1800 |
|
| 690 |
_942766 _aDerecho civil |
||
| 700 | 1 |
_aNicelli, Cristoforo _d1388 or 1389-1482 _eprólogo _961791 |
|
| 700 | 1 |
_aPomponio _961588 |
|
| 700 | 1 |
_aBarbazia, Alejandro de _961589 |
|
| 700 | 1 |
_aSeysell, Claudio de _961590 |
|
| 942 |
_2LOCAL _cLIBRO _e1 _hE29N051 |
||
| 999 |
_c255174 _d255174 |
||